<?xml version="1.0" encoding="UTF-8"?>
<record
    xmlns:xsi="http://www.w3.org/2001/XMLSchema-instance"
    xsi:schemaLocation="http://www.loc.gov/MARC21/slim http://www.loc.gov/standards/marcxml/schema/MARC21slim.xsd"
    xmlns="http://www.loc.gov/MARC21/slim">

  <leader>02135nam a22002297a 4500</leader>
  <controlfield tag="008">220208b           ||||| |||| 00| 0 eng d</controlfield>
  <datafield tag="020" ind1=" " ind2=" ">
    <subfield code="a">9781506410746  </subfield>
  </datafield>
  <datafield tag="020" ind1=" " ind2=" ">
    <subfield code="a">150641074X </subfield>
  </datafield>
  <datafield tag="050" ind1=" " ind2=" ">
    <subfield code="a"> BT77</subfield>
    <subfield code="b">.W42 2016 </subfield>
  </datafield>
  <datafield tag="245" ind1=" " ind2=" ">
    <subfield code="a">What is the Bible? :</subfield>
    <subfield code="b">the patristic doctrine of scripture /</subfield>
    <subfield code="c">Matthew Baker and Mark Mourachian, editors.  </subfield>
  </datafield>
  <datafield tag="260" ind1=" " ind2=" ">
    <subfield code="a">Minneapolis :</subfield>
    <subfield code="b">Fortress Press,</subfield>
    <subfield code="c">2016.</subfield>
  </datafield>
  <datafield tag="300" ind1=" " ind2=" ">
    <subfield code="a">xx, 200 pages ;</subfield>
    <subfield code="c">24 cm </subfield>
  </datafield>
  <datafield tag="500" ind1=" " ind2=" ">
    <subfield code="a">Includes bibliographical references. 
</subfield>
  </datafield>
  <datafield tag="505" ind1=" " ind2=" ">
    <subfield code="a">Part I. Approaches in the Christian East. The exegetical metaphysic of Origen of Alexandria / J. A. McGuckin -- A "doctrine of scripture" from the Eastern Orthodox tradition : a reflection on the Desert Father Saint Sarapion of Thmuis / Oliver Herbel -- "He has clothed himself in our language" : the incarnational hermeneutic of Saint Ephrem the Syrian / Matthew Baker -- John        Chrysostom on the nature of revelation and task of exegesis / Bradley Nassif -- Barsanuphius, John, and Dorotheos on Scripture : voices from the desert in sixth-century Gaza / Alexis Torrance -- The transfiguration of Jesus Christ as "saturated phenomenon" and as a key to the dynamics of biblical revelation in Saint Maximus the Confessor / Paul M. Blowers -- Scripture as divine mystery: the Bible in the Philokalia / Brock Bingaman -- Part II. Modern approaches inspired by the Fathers. The Bible as Heilsgeschichte : the basic axis and scope of Georges Florovsky's neopatristic synthesis / Nikolaos Asproulis --The Gospel according to Saint Justin the New : Justin Popovi&#x107; on scripture / Vladimir Cvetkovic -- Reality and biblical interpretation : T.F. Torrance's retrieval of patristic hermeneutics / John Taylor Carr -- Merely academic : a brief history of modern biblical criticism /  Michael C. Legaspi. 
</subfield>
  </datafield>
  <datafield tag="610" ind1=" " ind2=" ">
    <subfield code="b">Orthodo</subfield>
    <subfield code="x">Eastern Church</subfield>
    <subfield code="x">Doctrines.</subfield>
  </datafield>
  <datafield tag="630" ind1=" " ind2=" ">
    <subfield code="e">Bible</subfield>
    <subfield code="x">Criticism, interpretation, etc.  </subfield>
  </datafield>
  <datafield tag="650" ind1=" " ind2=" ">
    <subfield code="a">Fathers of the church, Greek</subfield>
    <subfield code="x">History and criticism.    </subfield>
  </datafield>
  <datafield tag="655" ind1=" " ind2=" ">
    <subfield code="b">Criticism, interpretation, etc. </subfield>
  </datafield>
  <datafield tag="700" ind1=" " ind2=" ">
    <subfield code="a">Baker, Matthew,</subfield>
    <subfield code="e">editor.  </subfield>
  </datafield>
  <datafield tag="700" ind1=" " ind2=" ">
    <subfield code="a">Mourachian, Mark,</subfield>
    <subfield code="e">editor.  </subfield>
  </datafield>
  <datafield tag="942" ind1=" " ind2=" ">
    <subfield code="2">lcc</subfield>
    <subfield code="c">BK</subfield>
  </datafield>
  <datafield tag="999" ind1=" " ind2=" ">
    <subfield code="c">57571</subfield>
    <subfield code="d">57571</subfield>
  </datafield>
  <datafield tag="952" ind1=" " ind2=" ">
    <subfield code="0">0</subfield>
    <subfield code="1">0</subfield>
    <subfield code="2">lcc</subfield>
    <subfield code="4">0</subfield>
    <subfield code="7">0</subfield>
    <subfield code="8">NFIC</subfield>
    <subfield code="a">JTSOT</subfield>
    <subfield code="b">JTSOT</subfield>
    <subfield code="c">GEN</subfield>
    <subfield code="d">2022-02-08</subfield>
    <subfield code="e">Donations TBN</subfield>
    <subfield code="g">9600.00</subfield>
    <subfield code="o">BT77  .W42 2016</subfield>
    <subfield code="p">067047</subfield>
    <subfield code="t">1</subfield>
    <subfield code="w">2022-02-08</subfield>
    <subfield code="y">BK</subfield>
  </datafield>
</record>
